[Event "VIE-ch U07"]
[Site "Ho Chi Minh City"]
[Date "2014.07.17"]
[Round "8"]
[White "Pham, Hoang Quan"]
[Black "Truong, Phu Dang Khoa"]
[Result "0-1"]
[WhiteElo "1374"]
[BlackElo "1393"]
[PlyCount "54"]
[EventDate "2014.07.13"]
[EventType "swiss"]
[EventRounds "9"]
[EventCountry "VIE"]
[SourceTitle "EXT 2016"]
[Source "ChessBase"]
[SourceDate "2015.10.08"]
[SourceVersion "1"]
[SourceVersionDate "2015.10.08"]
[SourceQuality "1"]

1. e4 e5 2. Nf3 Nc6 3. d4 exd4 4. Nxd4 Bc5 5. Be3 Bb6 6. Bb5 Nf6 7. Nc3 0-0 8. 0-0 Re8 9. f3 a6 10. Bc4 Na5 11. Bb3 Nxb3 12. axb3 d5 13. Qd3 c6 14. Rad1 Qd6 15. exd5 cxd5 16. Rfe1 Bc7 17. f4 Bg4 18. Rd2 Re7 19. h3 Bh5 20. Nf5 Bg6 21. Nxe7+ Qxe7 22. f5 Bh5 23. g4 Nxg4 24. hxg4 Bxg4 25. Nxd5 Qe5 26. Nxc7 Qg3+ 27. Kh1 Bf3+ 0-1